[Event "CAN-op"]
[Site "Edmonton CAN"]
[Date "2005.07.10"]
[Round "2.21"]
[White "Quan Zhe"]
[Black "Tot, Nandor"]
[Result "1-0"]
[WhiteElo "2396"]
[BlackElo "1924"]
[PlyCount "75"]
[EventDate "2005.07.09"]
[EventType "swiss"]
[EventRounds "10"]
[EventCountry "CAN"]

1. d4 Nf6 2. c4 e6 3. Nc3 Nc6 4. Nf3 Bb4 5. Qc2 d5 6. Bg5 h6 7. Bxf6 Qxf6 8. e3
O-O 9. a3 Bxc3+ 10. Qxc3 Bd7 11. Be2 Rfd8 12. O-O dxc4 13. Bxc4 Rac8 14. Rac1
a6 15. b4 Ne7 16. Ne5 Ng6 17. Nxg6 Qxg6 18. Bd3 Qf6 19. Be4 c6 20. Qc5 Qh4 21.
Bf3 Qg5 22. Rc3 f5 23. g3 Qf6 24. Re1 Be8 25. a4 g5 26. b5 axb5 27. axb5 f4 28.
exf4 gxf4 29. Re4 Rd5 30. Qb6 fxg3 31. Rg4+ Rg5 32. Rxg5+ hxg5 33. hxg3 Ra8 34.
Kg2 Ra1 35. Rd3 g4 36. Bxg4 cxb5 37. Qxe6+ Qxe6 38. Bxe6+ 1-0

[Event "CAN-op"]
[Site "Edmonton CAN"]
[Date "2005.07.10"]
[Round "3.21"]
[White "Henry, Liam"]
[Black "Quan Zhe"]
[Result "0-1"]
[WhiteElo "2062"]
[BlackElo "2396"]
[PlyCount "94"]
[EventDate "2005.07.09"]
[EventType "swiss"]
[EventRounds "10"]
[EventCountry "CAN"]

1. e4 c5 2. Nf3 d6 3. d4 cxd4 4. Nxd4 Nf6 5. Nc3 a6 6. Bc4 e6 7. Bb3 Nbd7 8. f4
Nc5 9. O-O Be7 10. e5 dxe5 11. fxe5 Nxb3 12. axb3 Bc5 13. Be3 Nd5 14. Bf2 Nxc3
15. bxc3 O-O 16. Qg4 Qd5 17. Rae1 f5 18. exf6 Rxf6 19. Qe4 Qxe4 20. Rxe4 Bd7
21. Nf3 Bc6 22. Re2 Bxf3 23. gxf3 Bxf2+ 24. Kxf2 Rd8 25. Ke3 Kf7 26. Rd2 Rxd2
27. Kxd2 Rh6 28. Rf2 Kf6 29. Ke3 Kf5 30. c4 g5 31. b4 Rh3 32. b5 axb5 33. cxb5
g4 34. c4 Rxf3+ 35. Rxf3+ gxf3 36. c5 Ke5 37. Kxf3 Kd5 38. c6 bxc6 39. bxc6
Kxc6 40. Ke4 Kd6 41. h4 h5 42. Kd4 e5+ 43. Ke4 Ke6 44. Ke3 Kf5 45. Kf3 e4+ 46.
Ke3 Ke5 47. Ke2 Kf4 0-1

[Event "CAN-op"]
[Site "Edmonton CAN"]
[Date "2005.07.11"]
[Round "4"]
[White "Quan Zhe"]
[Black "Kunte, Abhijit"]
[Result "1/2-1/2"]
[WhiteElo "2396"]
[BlackElo "2601"]
[PlyCount "30"]
[EventDate "2005.07.09"]
[EventType "swiss"]
[EventRounds "10"]
[EventCountry "CAN"]

1. d4 Nf6 2. c4 e6 3. Nf3 b6 4. g3 Ba6 5. b3 Bb7 6. Bg2 Bb4+ 7. Bd2 a5 8. O-O
O-O 9. Qc2 Na6 10. a3 Be7 11. Nc3 d5 12. cxd5 exd5 13. Bg5 c5 14. dxc5 Nxc5 15.
Nd4 Nfe4 1/2-1/2

[Event "CAN-op"]
[Site "Edmonton CAN"]
[Date "2005.07.12"]
[Round "5"]
[White "Quan Zhe"]
[Black "Sandipan, Chanda"]
[Result "1-0"]
[WhiteElo "2396"]
[BlackElo "2600"]
[PlyCount "111"]
[EventDate "2005.07.09"]
[EventType "swiss"]
[EventRounds "10"]
[EventCountry "CAN"]

1. d4 Nf6 2. c4 e6 3. Nf3 b6 4. g3 Ba6 5. b3 Bb4+ 6. Bd2 Be7 7. Bg2 c6 8. Bc3
d5 9. Ne5 Nfd7 10. Nxd7 Nxd7 11. Nd2 O-O 12. O-O Rb8 13. Re1 b5 14. c5 b4 15.
Bb2 e5 16. dxe5 Nxc5 17. Qc2 Bb5 18. Nf3 Ne6 19. Rad1 c5 20. e3 Qd7 21. Nd2 Ng5
22. Nc4 Qg4 23. Rxd5 Bc6 24. e4 Nf3+ 25. Bxf3 Qxf3 26. Re3 Qg4 27. f3 Qg6 28.
Qd1 Bg5 29. Rd6 Bxe3+ 30. Nxe3 Qg5 31. f4 Qe7 32. Rxc6 Qb7 33. Qd5 Rbc8 34.
Rxc8 Qxc8 35. Nf5 Qa6 36. e6 Qxe6 37. Nxg7 Qxd5 38. exd5 Rd8 39. Nf5 Kf8 40.
Ne3 a5 41. Bf6 Rd6 42. Be5 Ra6 43. Nc4 Ke7 44. Kf2 a4 45. Ke3 f5 46. bxa4 Rxa4
47. d6+ Ke6 48. d7 Ra8 49. Bc7 Kxd7 50. Nb6+ Kxc7 51. Nxa8+ Kc6 52. Kd3 Kb5 53.
Nc7+ Kc6 54. Ne6 Kd5 55. Ng7 c4+ 56. Ke3 1-0

[Event "CAN-op"]
[Site "Edmonton CAN"]
[Date "2005.07.14"]
[Round "7"]
[White "Pechisker, Alfred"]
[Black "Quan Zhe"]
[Result "1/2-1/2"]
[WhiteElo "2190"]
[BlackElo "2396"]
[PlyCount "88"]
[EventDate "2005.07.09"]
[EventType "swiss"]
[EventRounds "10"]
[EventCountry "CAN"]

1. d4 Nf6 2. c4 c5 3. d5 b5 4. cxb5 a6 5. bxa6 g6 6. Nc3 Bxa6 7. e4 Bxf1 8.
Kxf1 d6 9. Nf3 Bg7 10. g3 Nbd7 11. h3 O-O 12. Kg2 Qa5 13. Re1 Rfb8 14. Re2 Ne8
15. Rc2 Nb6 16. Qe2 Qa6 17. Qxa6 Rxa6 18. Nd2 e6 19. dxe6 fxe6 20. b3 d5 21.
Bb2 Nd6 22. Nd1 Nd7 23. Bxg7 Kxg7 24. exd5 exd5 25. Ne3 d4 26. Nec4 Nxc4 27.
Rxc4 Re6 28. Kf1 Kf6 29. Ra4 Rb7 30. Ra5 Rc7 31. Rc1 Rec6 32. Ke2 Re6+ 33. Kf1
Rec6 34. Ne4+ Ke6 35. Ke2 Kd5 36. f3 Ne5 37. b4 d3+ 38. Kd1 Kd4 39. Raxc5 Rxc5
40. Rxc5 Rb7 41. a3 Nxf3 42. Nd2 Ne5 43. Nb3+ Ke4 44. Nd2+ Kd4 1/2-1/2

[Event "CAN-op"]
[Site "Edmonton CAN"]
[Date "2005.07.15"]
[Round "8.13"]
[White "Quan Zhe"]
[Black "Grumic, Sasa"]
[Result "1-0"]
[WhiteElo "2396"]
[BlackElo "2087"]
[PlyCount "51"]
[EventDate "2005.07.09"]
[EventType "swiss"]
[EventRounds "10"]
[EventCountry "CAN"]

1. d4 Nf6 2. c4 g6 3. Nc3 Bg7 4. e4 d6 5. f3 O-O 6. Be3 e5 7. d5 c6 8. Bd3 b5
9. cxb5 cxd5 10. exd5 e4 11. Nxe4 Nxd5 12. Bg5 Qb6 13. Qd2 Nd7 14. Bc4 N5f6 15.
Nxf6+ Nxf6 16. Ne2 Re8 17. Bh4 Qc5 18. Rc1 Qh5 19. Bxf6 Bxf6 20. O-O Bb7 21.
Ng3 Qc5+ 22. Kh1 d5 23. Ne4 Qb6 24. Bxd5 Bg7 25. Nd6 Red8 26. Nxb7 1-0

[Event "CAN-op"]
[Site "Edmonton CAN"]
[Date "2005.07.16"]
[Round "9"]
[White "Venkatesh, Marani Rajendran"]
[Black "Quan Zhe"]
[Result "0-1"]
[WhiteElo "2475"]
[BlackElo "2396"]
[PlyCount "90"]
[EventDate "2005.07.09"]
[EventType "swiss"]
[EventRounds "10"]
[EventCountry "CAN"]

1. e4 c5 2. Nf3 d6 3. d4 cxd4 4. Nxd4 Nf6 5. Nc3 a6 6. Bg5 e6 7. f4 Be7 8. Qf3
Qc7 9. O-O-O Nbd7 10. g4 b5 11. Bxf6 Nxf6 12. g5 Nd7 13. f5 Bxg5+ 14. Kb1 Ne5
15. Qh5 Qd8 16. fxe6 g6 17. exf7+ Kxf7 18. Qe2 Kg7 19. h4 Bxh4 20. Bh3 Bg5 21.
Nd5 Ra7 22. Qg2 h6 23. Rdg1 Rf7 24. Be6 Nf3 25. Bxf7 Nxd4 26. Qf2 Nc6 27. Rxg5
Qxg5 28. Rg1 Bg4 29. Nc7 Qf6 30. Ne8+ Rxe8 31. Qxf6+ Kxf6 32. Bxe8 Ne5 33. a4
bxa4 34. Bxa4 Bf3 35. c3 h5 36. Bd1 Bxe4+ 37. Kc1 h4 38. Bg4 g5 39. Bh3 Nf3 40.
Rf1 Ke5 41. Rf2 Kf4 42. Bc8 g4 43. b4 g3 44. Re2 Bf5 45. Bb7 h3 0-1

[Event "CAN-op"]
[Site "Edmonton CAN"]
[Date "2005.07.17"]
[Round "10.5"]
[White "Quan Zhe"]
[Black "Ganguly, Surya Shekhar"]
[Result "1/2-1/2"]
[WhiteElo "2396"]
[BlackElo "2636"]
[PlyCount "88"]
[EventDate "2005.07.09"]
[EventType "swiss"]
[EventRounds "10"]
[EventCountry "CAN"]

1. d4 Nf6 2. c4 g6 3. Nc3 d5 4. Bf4 Bg7 5. e3 O-O 6. Nf3 c5 7. dxc5 Qa5 8. Rc1
dxc4 9. Bxc4 Qxc5 10. Bb3 Qa5 11. O-O Nc6 12. h3 Bf5 13. Qe2 Ne4 14. Nd5 e5 15.
Rxc6 bxc6 16. Ne7+ Kh8 17. Nxc6 Qb6 18. Ncxe5 Be6 19. Bxe6 Qxe6 20. Qc2 f5 21.
Qa4 g5 22. Bh2 g4 23. hxg4 fxg4 24. Qxe4 gxf3 25. Qc4 Rfe8 26. Qxe6 Rxe6 27.
Nxf3 Ra6 28. Be5 Bxe5 29. Nxe5 Rxa2 30. Nd3 a5 31. Rd1 h5 32. Kf1 a4 33. g3 Rd8
34. Ke1 Kg7 35. Rd2 Kf6 36. Ke2 Rb8 37. e4 Kg5 38. Ke3 Rb3 39. Ke2 Rb8 40. Ke3
Ra1 41. Rc2 Rb3 42. Ke2 Kf6 43. Rc6+ Ke7 44. Rc4 Kf6 1/2-1/2

[Event "World op"]
[Site "Philadelphia USA"]
[Date "2005.06.28"]
[Round "1"]
[White "Quan Zhe"]
[Black "Dejmek, Mark"]
[Result "0-1"]
[WhiteElo "2397"]
[BlackElo "2144"]
[PlyCount "44"]
[EventDate "2005.06.28"]
[EventType "swiss"]
[EventRounds "9"]
[EventCountry "USA"]
[Source "Mark Crowther"]
[SourceDate "2005.08.22"]

1. d4 Nf6 2. c4 c5 3. d5 e6 4. Nc3 exd5 5. cxd5 d6 6. Nf3 g6 7. Nd2 Bg7 8. e4
O-O 9. Be2 Na6 10. O-O Re8 11. a3 Nc7 12. Qc2 Rb8 13. Re1 b5 14. b4 Nfxd5 15.
exd5 Bf5 16. Qb3 c4 17. Nxc4 bxc4 18. Qxc4 Nxd5 19. Nxd5 Bxa1 20. Be3 Bb2 21.
Bxa7 Rc8 22. Qb3 Rxe2 0-1

[Event "World op"]
[Site "Philadelphia USA"]
[Date "2005.06.29"]
[Round "2"]
[White "Breider, Jon"]
[Black "Quan Zhe"]
[Result "0-1"]
[WhiteElo "2315"]
[BlackElo "2397"]
[PlyCount "116"]
[EventDate "2005.06.28"]
[EventType "swiss"]
[EventRounds "9"]
[EventCountry "USA"]
[Source "Mark Crowther"]
[SourceDate "2005.08.22"]

1. e4 c5 2. Nf3 e6 3. d3 Nc6 4. g3 d5 5. Nbd2 Bd6 6. Bg2 Nge7 7. O-O O-O 8. Nh4
Bd7 9. f4 f6 10. f5 exf5 11. exf5 Qc7 12. c4 Nd4 13. cxd5 Nexf5 14. Nxf5 Bxf5
15. Nb3 Bd7 16. Nxd4 cxd4 17. Bf4 Bxf4 18. Rxf4 Qd6 19. Qb3 b5 20. Kh1 Rae8 21.
Rxd4 f5 22. Rf4 Re2 23. Raf1 Rfe8 24. R4f2 Rxf2 25. Rxf2 f4 26. gxf4 Re1+ 27.
Rf1 Rxf1+ 28. Bxf1 Qxf4 29. Qd1 Qf2 30. Qe2 Qxe2 31. Bxe2 Kf7 32. Kg1 Ke7 33.
Kf2 Kd6 34. Bf3 Be8 35. Ke3 Ke5 36. a3 Bf7 37. d6 Kxd6 38. Kd4 g5 39. Be4 h5
40. Bh7 Bd5 41. b4 h4 42. Bf5 Bf3 43. Bg6 g4 44. Ke3 Bc6 45. Bf5 g3 46. hxg3
hxg3 47. Bg6 g2 48. Kf2 Ke5 49. Bh7 Kd4 50. Bf5 Kc3 51. Bg6 Kb3 52. Be4 Bd7 53.
Bxg2 Kxa3 54. Ke3 Kxb4 55. Kd4 a5 56. Kd5 a4 57. Kd6 a3 58. Bd5 Bf5 0-1

[Event "CAN-ch U20 2005"]
[Site "Brantford CAN"]
[Date "2005.04.30"]
[Round "1"]
[White "Quan Zhe"]
[Black "Xia, Angel"]
[Result "1-0"]
[WhiteElo "2402"]
[BlackElo "1896"]
[PlyCount "93"]
[EventDate "2005.04.30"]
[EventType "swiss"]
[EventRounds "9"]
[EventCountry "CAN"]

1. d4 d5 2. c4 e6 3. Nc3 Nf6 4. cxd5 exd5 5. Bg5 Be7 6. e3 O-O 7. Bd3 Be6 8.
Nge2 Nbd7 9. O-O b6 10. Nf4 c5 11. Qc2 Qb8 12. Nxe6 fxe6 13. Bxh7+ Nxh7 14.
Bxe7 Rf5 15. Bh4 cxd4 16. Bg3 Qe8 17. exd4 Rc8 18. Rfe1 Rf6 19. Rad1 Rc4 20.
Qe2 Qg6 21. Qe3 Nhf8 22. Rd2 a6 23. h3 b5 24. a3 b4 25. axb4 Rxb4 26. Nd1 Nb6
27. Qa3 Ra4 28. Qb3 Nfd7 29. Ne3 Rf8 30. Red1 a5 31. Bd6 Rc8 32. Bc5 Nxc5 33.
Qxb6 Ne4 34. Nxd5 Qf7 35. Nc3 Nxd2 36. Nxa4 Ne4 37. Rf1 Nxf2 38. Nc5 Nxh3+ 39.
gxh3 Qg6+ 40. Kh1 Re8 41. Qc6 Qh5 42. Qf3 Qg6 43. Rg1 Qh6 44. Rg2 Rf8 45. Qg4
Rf1+ 46. Kh2 Qf6 47. Qxe6+ 1-0

[Event "CAN-ch U20 2005"]
[Site "Brantford CAN"]
[Date "2005.04.30"]
[Round "2"]
[White "Zaczek, Jonathan"]
[Black "Quan Zhe"]
[Result "0-1"]
[WhiteElo "2012"]
[BlackElo "2402"]
[PlyCount "68"]
[EventDate "2005.04.30"]
[EventType "swiss"]
[EventRounds "9"]
[EventCountry "CAN"]

1. e4 c5 2. Nf3 d6 3. d4 cxd4 4. Nxd4 Nf6 5. Nc3 a6 6. Bc4 e6 7. Bb3 Be7 8. g4
O-O 9. g5 Ne8 10. Qh5 Nc6 11. Be3 Nxd4 12. Bxd4 Bxg5 13. Rg1 Bf6 14. O-O-O Bxd4
15. Rxd4 Qf6 16. Rdd1 b5 17. Rdf1 b4 18. Ne2 a5 19. f4 Ba6 20. Ba4 Rc8 21. f5
Rc5 22. Rf4 Bxe2 23. Qxe2 exf5 24. exf5 Re5 25. Qd2 Rxf5 26. Rxf5 Qxf5 27. Bxe8
Rxe8 28. Qxd6 g6 29. Qd2 Qb5 30. Re1 Rc8 31. Kb1 a4 32. Re7 b3 33. cxb3 axb3
34. axb3 Qf5+ 0-1

[Event "CAN-ch U20 2005"]
[Site "Brantford CAN"]
[Date "2005.05.01"]
[Round "4"]
[White "Boik, Andrew"]
[Black "Quan Zhe"]
[Result "0-1"]
[WhiteElo "2058"]
[BlackElo "2402"]
[PlyCount "88"]
[EventDate "2005.04.30"]
[EventType "swiss"]
[EventRounds "9"]
[EventCountry "CAN"]

1. e4 c5 2. Nf3 e6 3. g3 Nc6 4. Bg2 Qc7 5. O-O Nf6 6. Re1 d6 7. c3 Be7 8. d4
cxd4 9. cxd4 O-O 10. Nc3 a6 11. Be3 d5 12. exd5 Nxd5 13. Nxd5 exd5 14. Ne5 Be6
15. Rc1 Qb6 16. Nxc6 bxc6 17. Qc2 Rfc8 18. Qa4 Qb5 19. Qxb5 axb5 20. a3 b4 21.
axb4 Bxb4 22. Re2 Kf8 23. f4 f6 24. Bd2 Bxd2 25. Rxd2 Ke7 26. Bf1 Rab8 27. Bd3
h6 28. Ra1 Kd6 29. Kf2 Rb4 30. Ke3 Rcb8 31. Ra2 Re8 32. Bf1 Bh3+ 33. Kf2 Bxf1
34. Kxf1 Re4 35. Ra7 Rexd4 36. Rxd4 Rxd4 37. Rxg7 Rd1+ 38. Kf2 Rd2+ 39. Kg1
Rxb2 40. Rg6 Ke6 41. Rxh6 c5 42. Kf1 c4 43. Ke1 c3 44. Rh8 Rb1+ 0-1

[Event "CAN-ch U20 2005"]
[Site "Brantford CAN"]
[Date "2005.05.02"]
[Round "5"]
[White "Rachar, Sean"]
[Black "Quan Zhe"]
[Result "0-1"]
[WhiteElo "1751"]
[BlackElo "2402"]
[PlyCount "58"]
[EventDate "2005.04.30"]
[EventType "swiss"]
[EventRounds "9"]
[EventCountry "CAN"]

1. d4 Nf6 2. c4 c5 3. d5 b5 4. Nd2 bxc4 5. e4 c3 6. bxc3 d6 7. f4 g6 8. Bb2 Bg7
9. Be2 O-O 10. Rb1 Nbd7 11. Qc2 Nb6 12. c4 e6 13. Bf3 exd5 14. cxd5 Re8 15. Ne2
Ba6 16. O-O Bxe2 17. Bxe2 Nbxd5 18. Bc4 Nb6 19. Bb5 Rf8 20. Rfd1 Qe7 21. a4
Rab8 22. a5 Nbd5 23. Qa4 Nxf4 24. e5 dxe5 25. Re1 N6d5 26. g3 Ne6 27. Bc6 Nb4
28. Bxe5 Bxe5 29. Rxe5 Qd6 0-1

[Event "CAN-ch U20 2005"]
[Site "Brantford CAN"]
[Date "2005.05.02"]
[Round "6"]
[White "Quan Zhe"]
[Black "Yu, Jonathan"]
[Result "1-0"]
[WhiteElo "2402"]
[BlackElo "1974"]
[PlyCount "81"]
[EventDate "2005.04.30"]
[EventType "swiss"]
[EventRounds "9"]
[EventCountry "CAN"]

1. d4 e6 2. c4 Nf6 3. Nc3 Bb4 4. Qc2 O-O 5. a3 Bxc3+ 6. Qxc3 b6 7. Bg5 Bb7 8.
e3 h6 9. Bh4 d6 10. f3 c5 11. dxc5 bxc5 12. Bd3 Nbd7 13. Ne2 Qb6 14. O-O d5 15.
Bf2 Rfe8 16. Rfd1 Qc6 17. cxd5 exd5 18. Rac1 Ng4 19. Bf5 Nxf2 20. Kxf2 Ne5 21.
Qxc5 Qf6 22. Nd4 g6 23. Bh3 Nc4 24. Re1 Ba6 25. Kg1 Nxb2 26. Qc6 Qh4 27. Qxa6
Rxe3 28. Nc2 Nd3 29. Nxe3 Qf2+ 30. Kh1 Nxe1 31. Qf1 Qxe3 32. Qxe1 Qxa3 33. Bd7
Rd8 34. Bb5 d4 35. Qd2 Kg7 36. h3 a5 37. Rd1 Qb3 38. Qd3 Qb4 39. Rc1 a4 40. Rb1
Qc5 41. Bxa4 1-0

[Event "CAN-ch U20 2005"]
[Site "Brantford CAN"]
[Date "2005.05.03"]
[Round "7"]
[White "Jiang, Louie"]
[Black "Quan Zhe"]
[Result "0-1"]
[WhiteElo "1692"]
[BlackElo "2402"]
[PlyCount "72"]
[EventDate "2005.04.30"]
[EventType "swiss"]
[EventRounds "9"]
[EventCountry "CAN"]

1. e4 c5 2. Nf3 e6 3. d4 cxd4 4. Nxd4 Nc6 5. Nc3 a6 6. Be3 Qc7 7. Qd2 Nf6 8. f3
b5 9. O-O-O Bb7 10. g4 d6 11. h4 b4 12. Nce2 Be7 13. Kb1 Ne5 14. Nc1 Rc8 15.
Bd3 d5 16. exd5 Nxd5 17. Rhf1 O-O 18. g5 Rfd8 19. Ncb3 Nxe3 20. Qxe3 Nxd3 21.
cxd3 Bd5 22. Rc1 Qh2 23. Rxc8 Rxc8 24. Qf2 Qf4 25. Ne2 Qf5 26. Nbc1 Bc5 27. Qg3
e5 28. Ka1 a5 29. Qg2 Be3 30. Qh1 a4 31. Ng3 Qe6 32. Ne4 a3 33. b3 Bxe4 34.
dxe4 Bd4+ 35. Kb1 Qc6 36. Qg2 Qc3 0-1

[Event "CAN-ch U20 2005"]
[Site "Brantford CAN"]
[Date "2005.05.03"]
[Round "8"]
[White "Quan Zhe"]
[Black "Iv, Kieng"]
[Result "1-0"]
[WhiteElo "2402"]
[BlackElo "1466"]
[PlyCount "73"]
[EventDate "2005.04.30"]
[EventType "swiss"]
[EventRounds "9"]
[EventCountry "CAN"]

1. d4 Nf6 2. c4 g6 3. Nc3 d5 4. Bf4 Bg7 5. e3 O-O 6. Nf3 b6 7. cxd5 Nxd5 8.
Nxd5 Qxd5 9. Bxc7 Qa5+ 10. Qd2 Qxd2+ 11. Kxd2 Na6 12. Be5 f6 13. Bc4+ Kh8 14.
Bg3 Bb7 15. Rhc1 Rad8 16. Bxa6 Bxa6 17. Rc7 Bc8 18. Rxe7 Rd7 19. Rxd7 Bxd7 20.
Rc1 Rc8 21. Rxc8+ Bxc8 22. b4 b5 23. Ne1 Kg8 24. f3 Kf7 25. Nd3 f5 26. Be5 Bf8
27. e4 fxe4 28. fxe4 h5 29. d5 Ke8 30. Ke3 Bh6+ 31. Bf4 g5 32. Bb8 g4+ 33. Bf4
Bg7 34. e5 Bb7 35. Kd4 h4 36. Nc5 Bc8 37. d6 1-0

[Event "CAN-ch U20 2005"]
[Site "Brantford CAN"]
[Date "2005.05.03"]
[Round "9"]
[White "Von Keitz, Michael"]
[Black "Quan Zhe"]
[Result "0-1"]
[WhiteElo "1599"]
[BlackElo "2402"]
[PlyCount "76"]
[EventDate "2005.04.30"]
[EventType "swiss"]
[EventRounds "9"]
[EventCountry "CAN"]

1. g3 g6 2. d3 Bg7 3. e4 d6 4. Bg2 c5 5. f4 Nc6 6. Nf3 e6 7. c3 Nge7 8. Be3 O-O
9. O-O Rb8 10. Nbd2 b5 11. a3 a5 12. Qc2 Ba6 13. d4 cxd4 14. Nxd4 Qc7 15. N2f3
d5 16. Rf2 Bc8 17. e5 Bd7 18. Bf1 Nxd4 19. Nxd4 Rfc8 20. a4 bxa4 21. Ba6 Rd8
22. Qd3 Bf8 23. Bb5 Bxb5 24. Nxb5 Qd7 25. Nd4 Nc6 26. Qd1 Nxd4 27. Bxd4 Rb3 28.
Ra2 Rdb8 29. Kg2 a3 30. bxa3 Bxa3 31. Qg1 a4 32. Rfc2 Be7 33. Bc5 a3 34. Bxe7
Qxe7 35. Qd4 Rb2 36. Qa4 Qc5 37. Qd4 Qxd4 38. cxd4 Rxa2 0-1

[Event "Foxwoods op"]
[Site "Connecticut USA"]
[Date "2005.03.23"]
[Round "1"]
[White "Quan Zhe"]
[Black "Epstein, Esther"]
[Result "1-0"]
[WhiteElo "2397"]
[BlackElo "2188"]
[PlyCount "113"]
[EventDate "2005.03.23"]
[EventType "swiss"]
[EventRounds "9"]
[EventCountry "USA"]
[Source "Mark Crowther"]
[SourceDate "2005.04.04"]

1. d4 Nf6 2. c4 e6 3. Nc3 c5 4. d5 exd5 5. cxd5 d6 6. e4 g6 7. Be2 Bg7 8. Nf3
Bg4 9. Nd2 Bxe2 10. Qxe2 O-O 11. O-O Re8 12. f3 Na6 13. Nc4 Nc7 14. Ne3 Rb8 15.
a4 a6 16. a5 b5 17. axb6 Rxb6 18. Qc2 Rb4 19. Bd2 Nd7 20. Ncd1 Rb7 21. Nc4 Nb8
22. Bc3 Nb5 23. Bxg7 Kxg7 24. Nc3 Qf6 25. Rad1 Nd4 26. Qd3 Qd8 27. f4 f6 28.
Rde1 Rf7 29. Kh1 Ref8 30. Ne2 Nxe2 31. Rxe2 Qc7 32. h3 Nd7 33. Ra1 Ra8 34. Qc3
Kg8 35. Na5 Nb6 36. b3 Re8 37. Nc4 Nxd5 38. Qd2 Nb4 39. Nxd6 Rd8 40. e5 fxe5
41. fxe5 Re7 42. Rd1 Rf8 43. Qc1 Kg7 44. e6 h5 45. Qd2 Kh7 46. Nf7 Rexf7 47.
exf7 Rxf7 48. Rde1 Nc6 49. Qg5 Rf5 50. Re7+ Nxe7 51. Rxe7+ Qxe7 52. Qxe7+ Kh6
53. Kh2 a5 54. Qd8 g5 55. Qxa5 h4 56. Qb6+ Kg7 57. Qe6 1-0

[Event "Foxwoods op"]
[Site "Connecticut USA"]
[Date "2005.03.24"]
[Round "2"]
[White "Najer, Evgeniy"]
[Black "Quan Zhe"]
[Result "1-0"]
[WhiteElo "2624"]
[BlackElo "2397"]
[PlyCount "87"]
[EventDate "2005.03.23"]
[EventType "swiss"]
[EventRounds "9"]
[EventCountry "USA"]
[Source "Mark Crowther"]
[SourceDate "2005.04.04"]

1. d4 Nf6 2. c4 c5 3. d5 b5 4. Nf3 Bb7 5. Qc2 bxc4 6. e4 e6 7. Bxc4 exd5 8.
exd5 d6 9. O-O Be7 10. Nc3 Nbd7 11. a4 O-O 12. a5 a6 13. Re1 Re8 14. h3 Qc7 15.
Qd3 Bf8 16. Rxe8 Nxe8 17. Ne4 g6 18. Bd2 Bg7 19. Bf4 Ndf6 20. Nc3 Qd8 21. Bg5
Qc7 22. Bf4 Qd8 23. Nh2 Bc8 24. Nf1 Nd7 25. Ne3 Ne5 26. Qe2 Nc7 27. Na4 Nb5 28.
Bxb5 axb5 29. Nb6 Ra7 30. Nxc8 Qxc8 31. Qxb5 Rb7 32. Qa6 Qb8 33. Ra2 h5 34.
Bxe5 Bxe5 35. Nc4 Bxb2 36. Qxd6 Qxd6 37. Nxd6 Rb4 38. a6 Be5 39. g3 Rb8 40. Nc4
Bc7 41. d6 Bd8 42. Rb2 Ra8 43. Rb7 Kg7 44. a7 1-0

[Event "Foxwoods op"]
[Site "Connecticut USA"]
[Date "2005.03.24"]
[Round "3"]
[White "Quan Zhe"]
[Black "Coleto Calderon, Jose Antonio"]
[Result "1/2-1/2"]
[WhiteElo "2397"]
[BlackElo "2247"]
[PlyCount "133"]
[EventDate "2005.03.23"]
[EventType "swiss"]
[EventRounds "9"]
[EventCountry "USA"]
[Source "Mark Crowther"]
[SourceDate "2005.04.04"]

1. d4 Nf6 2. c4 e6 3. Nc3 Bb4 4. Qc2 O-O 5. a3 Bxc3+ 6. Qxc3 b6 7. Bg5 Bb7 8.
e3 c5 9. dxc5 bxc5 10. f3 Nc6 11. Bd3 Rc8 12. Nh3 h6 13. Bh4 d5 14. cxd5 Nxd5
15. Bxd8 Nxc3 16. Bh4 Nd5 17. e4 Nb6 18. Bf2 Rfd8 19. O-O-O Nd4 20. Kb1 e5 21.
Be3 Bc6 22. Rc1 c4 23. Bc2 Ba4 24. Bd1 Rd7 25. f4 Bxd1 26. Rhxd1 f6 27. fxe5
fxe5 28. Nf2 Kf7 29. Rd2 Ke6 30. Nd1 Na4 31. Nc3 Nc5 32. Rf1 Rb8 33. Ka2 Nd3
34. Rb1 Rd6 35. Rf1 Rdb6 36. Na4 Rb5 37. h3 Ra5 38. Nc3 Nb5 39. Nxb5 Raxb5 40.
Rb1 c3 41. Rc2 cxb2 42. Rc6+ Kf7 43. Rc3 Nc1+ 44. Bxc1 bxc1=Q 45. Rbxc1 Rb2+
46. Ka1 Rxg2 47. Rc7+ Kg8 48. Rxa7 Rbb2 49. Rc8+ Kh7 50. Rc3 Rbe2 51. Rb7 Rxe4
52. Rb2 Rg6 53. Ka2 Re1 54. a4 e4 55. Rb1 Re2+ 56. Rb2 Re1 57. Rb1 Rxb1 58.
Kxb1 Re6 59. Kc2 Kg6 60. a5 Kf5 61. Kd2 Kf4 62. Ke2 g5 63. Ra3 Ra6 64. Kf2 h5
65. Ra4 g4 66. hxg4 hxg4 67. Ra3 1/2-1/2

[Event "Foxwoods op"]
[Site "Connecticut USA"]
[Date "2005.03.25"]
[Round "4"]
[White "Adu, Oladapo"]
[Black "Quan Zhe"]
[Result "1-0"]
[WhiteElo "2296"]
[BlackElo "2397"]
[PlyCount "108"]
[EventDate "2005.03.23"]
[EventType "swiss"]
[EventRounds "9"]
[EventCountry "USA"]
[Source "Mark Crowther"]
[SourceDate "2005.04.04"]

1. Nf3 Nf6 2. g3 g6 3. Bg2 Bg7 4. O-O O-O 5. d3 d6 6. e4 c5 7. Re1 Nc6 8. c3
Bg4 9. h3 Bxf3 10. Bxf3 Rb8 11. a4 a6 12. Bg2 Qc7 13. Be3 Nd7 14. Nd2 b5 15.
axb5 axb5 16. Nf3 Nde5 17. Nxe5 Nxe5 18. f4 Nc6 19. d4 Rfd8 20. dxc5 dxc5 21.
Qf3 Na5 22. Qf2 Nc4 23. Bc1 Bf8 24. e5 e6 25. b3 Nb6 26. Qc2 c4 27. b4 Na4 28.
Be4 Be7 29. h4 f5 30. exf6 Bxf6 31. Re3 Rb6 32. Kg2 Rbd6 33. Ra3 Qd7 34. Bf3
Rd3 35. Be2 Rxe3 36. Bxe3 Qd5+ 37. Kh2 Kg7 38. Kg1 e5 39. f5 e4 40. fxg6 hxg6
41. Kg2 Qc6 42. Kh2 Be5 43. Qc1 Qf6 44. Bh6+ Kh7 45. Kg2 Rd3 46. Bf4 Bxf4 47.
gxf4 Rxc3 48. Qa1 Qd4 49. h5 Qd2 50. hxg6+ Kxg6 51. Rxc3 Qxe2+ 52. Kg3 Nxc3 53.
Qa6+ Kh5 54. Qf6 Qg4+ 1-0

[Event "Foxwoods op"]
[Site "Connecticut USA"]
[Date "2005.03.26"]
[Round "6"]
[White "Markzon, Gregory"]
[Black "Quan Zhe"]
[Result "0-1"]
[WhiteElo "2204"]
[BlackElo "2397"]
[PlyCount "74"]
[EventDate "2005.03.23"]
[EventType "swiss"]
[EventRounds "9"]
[EventCountry "USA"]
[Source "Mark Crowther"]
[SourceDate "2005.04.04"]

1. e4 c5 2. Nf3 d6 3. d4 cxd4 4. Nxd4 Nf6 5. Nc3 a6 6. f4 Nbd7 7. Bc4 Qc7 8.
Bb3 e6 9. Qf3 Nc5 10. O-O Be7 11. g4 b5 12. g5 Nfd7 13. Bd5 Bb7 14. Bxb7 Qxb7
15. b4 Na4 16. Nxa4 bxa4 17. a3 O-O 18. Bb2 Rac8 19. Rf2 Nb6 20. Re1 Nc4 21.
Ba1 Bd8 22. Kh1 Bb6 23. Rg2 Rfe8 24. Qd3 Bxd4 25. Bxd4 a5 26. Bf6 axb4 27. axb4
Qxb4 28. c3 Qb7 29. Qh3 Rb8 30. Rg4 Qc6 31. Kg1 Qb6+ 32. Kh1 Qf2 33. Reg1 Qe2
34. f5 exf5 35. Rh4 f4 36. g6 Qxe4+ 37. Rg2 Rb1# 0-1

[Event "Foxwoods op"]
[Site "Connecticut USA"]
[Date "2005.03.27"]
[Round "8"]
[White "Garcia, Gildardo"]
[Black "Quan Zhe"]
[Result "0-1"]
[WhiteElo "2452"]
[BlackElo "2397"]
[PlyCount "56"]
[EventDate "2005.03.23"]
[EventType "swiss"]
[EventRounds "9"]
[EventCountry "USA"]
[Source "Mark Crowther"]
[SourceDate "2005.04.04"]

1. e4 c5 2. Nf3 e6 3. d4 cxd4 4. Nxd4 a6 5. Bd3 Nc6 6. Nxc6 dxc6 7. O-O e5 8.
Nd2 Nf6 9. Nc4 Nd7 10. Bd2 b5 11. Ba5 Qf6 12. Ne3 Bc5 13. Nf5 O-O 14. Bd2 Nb6
15. Qh5 Bxf5 16. exf5 h6 17. Rae1 Rad8 18. Re4 Nc4 19. Bc1 Rd4 20. Rfe1 Rfd8
21. b3 Rxe4 22. Rxe4 Nd6 23. Rg4 Nxf5 24. h4 Rxd3 25. cxd3 g6 26. Bxh6 Ng3 27.
Qg5 Qxf2+ 28. Kh2 Nf1+ 0-1

[Event "Ontario Closed"]
[Site "Ottawa CAN"]
[Date "2005.03.04"]
[Round "1"]
[White "Valdizon, Armando"]
[Black "Quan Zhe"]
[Result "1-0"]
[WhiteElo "2247"]
[BlackElo "2403"]
[PlyCount "73"]
[EventDate "2005.03.04"]
[EventType "swiss"]
[EventRounds "5"]
[EventCountry "CAN"]

1. d4 Nf6 2. Bg5 e6 3. e4 h6 4. Bxf6 Qxf6 5. e5 Qd8 6. Bd3 c5 7. dxc5 Nc6 8.
Nf3 Qc7 9. Qe2 Bxc5 10. c3 d6 11. b4 Bb6 12. exd6 Qxd6 13. Nbd2 Bc7 14. Rd1 Qe7
15. O-O O-O 16. b5 Nb8 17. Nc4 Nd7 18. Rfe1 Nc5 19. Bb1 b6 20. Nce5 Bb7 21. Qc2
g6 22. Nd4 Qf6 23. Ndc6 Bxc6 24. Nxc6 a5 25. Re3 e5 26. Qe2 Rfe8 27. g3 Re6 28.
Re1 Rae8 29. a3 e4 30. Ba2 Rd6 31. f3 Na4 32. Rxe4 Rxe4 33. Qxe4 Nxc3 34. Qe8+
Kg7 35. Bxf7 Qxf3 36. Qg8+ Kf6 37. Qxg6# 1-0